000 00762nam a2200205Ii 4500
003 JO-AjNU
008 230605s9999||||xx |||||||||||||| ||und||
040 _aJO-AjNU
_bara
_erda
_cJO-AjNU
041 _aara
050 1 4 _aHT151 .R37 1984
100 3 _aتاليف رشوان، حسين عبد الحميد احمد,
_eauthor
_936093
245 0 0 _aالمدينة: دراسة في علم الاجتماع الحضري
250 _aط2
264 3 1 _aالاسكندرية: المكتب الجامعي الحديث، 1984
300 _a222ص
_bيحتوي على ببلوغرافية من 215-222ص
336 _atext
_btxt
_2rdacontent
337 _aunmediated
_bn
_2rdamedia
338 _avolume
_bnc
_2rdacarrier
650 4 _aعلم اجتماع حضري
_936094
999 _aA14964
_c18532
_d18532